书目信息 |
| 题名: |
氟石检验
|
|
| 作者: | 商检群 编 | |
| 分册: | ||
| 出版信息: | 北京 中国财政经济出版社 1978 |
|
| 页数: | 126页 | |
| 开本: | 19cm | |
| 丛书名: | ||
| 单 册: | ||
| 中图分类: | TQ124.3 | |
| 科图分类: | ||
| 主题词: | 萤石--检验 , ⅦA族元素--生产 , Ⅶ族化合物--生产 | |
| 电子资源: | ||
| ISBN: | ||
| 000 | 00643nam0 2200241 45 | |
| 001 | 0178005415 | |
| 005 | 20060519094032.84 | |
| 010 | @dCNY0.45 | |
| 091 | @aCN@b15116.028 | |
| 100 | @a19950726d1978 em y0chiy0121 ea | |
| 101 | 0 | @achi |
| 102 | @aCN@b110000 | |
| 105 | @ay z 000yy | |
| 200 | 10 | @a氟石检验@Afu shi jian yan@f商检群编@Fshang jian qun bian |
| 210 | @a北京@c中国财政经济出版社@d1978 | |
| 215 | @a126页@d19cm | |
| 606 | @a萤石@x检验 | |
| 606 | 0 | @aⅦA族元素@x生产 |
| 606 | 0 | @aⅦ族化合物@x生产 |
| 690 | @aTQ124.3@v3 | |
| 701 | 0 | @a商检群@Ashang jian qun@4编 |
| 801 | 0 | @aCN@bTSSF@c20060519 |
| 905 | @a10447@dTQ124.3@e1 | |
| 氟石检验/商检群编.-北京:中国财政经济出版社,1978 |
| 126页;19cm |
| ISBN :CNY0.45 |
| ● |
| 相关链接 |
|
|
|
|
正题名:氟石检验
索取号:TQ124.3/1
 
预约/预借
| 序号 | 登录号 | 条形码 | 馆藏地/架位号 | 状态 | 备注 |
| 1 | 0004970 | 202356379 | 密集书库/ [索取号:TQ124.3/1] | 在馆 |